Japanese Industries : New technologies and potential growth areas in the 1980s

שמור ב:
מידע ביבליוגרפי
מחבר תאגידי: Japanese Industries
פורמט: ספר
שפה:Undetermined
יצא לאור: Japan Nikko Research Center 1980
נושאים:
תגים: הוספת תג
אין תגיות, היה/י הראשונ/ה לתייג את הרשומה!
Thư viện lưu trữ: Trung tâm Học liệu Trường Đại học Cần Thơ
LEADER 00560nam a2200205Ia 4500
001 CTU_97561
008 210402s9999 xx 000 0 und d
082 |a 620 
082 |b J11 
110 |a Japanese Industries 
245 0 |a Japanese Industries : 
245 0 |b New technologies and potential growth areas in the 1980s 
245 0 |c Japanese Industries 
260 |a Japan 
260 |b Nikko Research Center 
260 |c 1980 
650 |a Industry 
650 |z Japan 
904 |i Hiếu 
980 |a Trung tâm Học liệu Trường Đại học Cần Thơ